| 000 | 00815nab a2200241 4500 | ||
|---|---|---|---|
| 003 | BR-BrBNA | ||
| 005 | 20231228164219.0 | ||
| 008 | 231228b bl.||||| |||| 00| 0 por d | ||
| 040 |
_aBR-BrBNA _bpor |
||
| 072 |
_aL01 ; L20 ; L70 _b5214 |
||
| 100 | _aGuimarães, Léo | ||
| 245 | _aOrdenha | ||
| 650 | _aVACA LEITEIRA | ||
| 650 | _aORDENHA | ||
| 650 | _aLEITE | ||
| 650 | _aLACTAÇÃO | ||
| 650 | _aMAMITE | ||
| 650 | _aSILAGEM | ||
| 650 | _aFENO | ||
| 773 | 0 |
_01330 _9275214 _dCampinas-SP Coordenadoria de Assistência Técnica Integral - CATI - Centro de Comunicação Rural e Treinamento - CECORT 1979. Data final de publicação em 1990 _o2023-437023 _tCasa da Agricultura (Brazil) _x0100-6541 _gv. 1(3) p. 37; (Jul 1979) _wBR2023002298 |
|
| 942 | _cAnalítica | ||
| 999 |
_c260179 _d260179 |
||